Quiz sur l'Hérault - Statistiques

Statistiques générales
  • Ce quiz a été pris 3 905 fois
  • Le résultat moyen est 12 sur 18
Statistiques - réponses
Question Réponse % Correct
Numéro du département 34
97%
Préfecture et ville la plus peuplée Montpellier
97%
Région dans laquelle il se situe Occitanie
97%
L'Hérault est le 2ème département producteur de ___, derrière la Gironde Vin
85%
Canal qui relie Toulouse au littoral de l'Hérault Canal du {Midi}
84%
Ville portuaire surnommée « l'île singulière » par Paul Valéry Sète
79%
Région historique et culturelle à laquelle le département appartient,du nom de la langue qui y est traditionnellement parlée Languedoc
77%
Sous-préfecture située sur l'Orb, qui fut fondée par les Grecs Béziers
70%
Chanteur qui a écrit, composé et interprété Le Gorille,la Chanson pour l'Auvergnat et Les Copains d'abord Georges Brassens
69%
Footballeur qui a mené le club de la préfecture au titre en 2012et est aujourd'hui le meilleur buteur de l'histoire des Bleus Olivier Giroud
67%
Héraultais qui est devenu n'importe qui en faisant n'importe quoi Rémi Gaillard
62%
Étang qui sépare notamment ces deux villes Étang de {Thau}
59%
Illustre résistant héraultais qui fut arrêté à Caluire-et-Cuire en 1943 Jean Moulin
57%
L'Hérault se jette dans la Mer Méditerranée dans cette ville Agde
47%
Écrivain qui étudia dans la préfecture avant d'écrire Pantagruel etGargantua, et auquel les doctorants de cette ville rendent traditionnellement hommage à la fin de leur thèse François Rabelais
46%
Seule autre sous-préfecture, au pied du massif central Lodève
36%
Plateau qui s'étend entre Millau et celle-ci, théâtre d'une célèbrecampagne de désobéissance civile dans les années 1970 Causse du {Larzac}
35%
Poète moderne de la préfecture, qui a consacré son recueilLe Parti pris des choses aux objets ordinaires du quotidien Francis Ponge
15%
Aucun quiz correspondant
Distribution des résultats
% des personnes avec chaque résultat
Percentile par nombre de réponses
Votre historique - résultats
Vous n’avez pas pris ce quiz